000 00483nam a2200157Ia 4500
008 210716s1980 xx 000 0 und d
020 _a0671254022
041 _aeng
082 _a658.4012 TREB
100 _aTregoe, Benjamin B; Zimmerman, John W.
245 _aTop management strategy: what it is and how to make it work.
_bWhat it is and how to make it work.
250 _a1
260 _aNew York
_bSimon & Schuster
_c1980
300 _a128
650 _aStrategic Management
999 _c200835
_d200835